000 00747nam a2200217Ii 4500
003 JO-AjNU
008 230605s9999||||xx |||||||||||||| ||und||
017 _a1998/5/724
040 _aJO-AjNU
_bara
_erda
_cJO-AjNU
041 _aara
050 1 4 _aLB1051.R8768 1998
100 3 _aتأليف الروسان،فاروق,
_eauthor
_922734
245 0 0 _aدليل مقياس التكيف الإجتماعي
250 _aط1
264 3 1 _aعمان: دار الفكر للطباعة والتوزيع والنشر، 1998
300 _a213ص
336 _atext
_btxt
_2rdacontent
337 _aunmediated
_bn
_2rdamedia
338 _avolume
_bnc
_2rdacarrier
650 4 _aالعلوم الإجتماعية - التنمية الإجتماعية
_922735
999 _aA8116
_c11684
_d11684